Keeping your cool (Record no. 82133)
[ view plain ]
| 000 -LEADER | |
|---|---|
| fixed length control field | 01240cad a22002055a 4500 |
| 001 - CONTROL NUMBER | |
| control field | L149305 |
| 008 - FIXED-LENGTH DATA ELEMENTS--GENERAL INFORMATION | |
| fixed length control field | 090720s2009 xxk 000 0 eng u |
| 035 ## - SYSTEM CONTROL NUMBER | |
| System control number | (Sirsi) u149325 |
| 041 0# - LANGUAGE CODE | |
| Language code of text/sound track or separate title | eng |
| 100 1# - MAIN ENTRY--PERSONAL NAME | |
| Personal name | Horsley, Keith |
| 245 00 - TITLE STATEMENT | |
| Title | Keeping your cool |
| Remainder of title | an overview of common types of air-conditioning systems |
| Medium | [electronic resource] |
| 260 ## - PUBLICATION, DISTRIBUTION, ETC. | |
| Date of publication, distribution, etc. | 2010 |
| 490 #4 - SERIES STATEMENT | |
| Series statement | The Journal |
| -- | RICS Building Surveying Journal |
| Volume/sequential designation | March/April 2010, 18-21(4) |
| 520 ## - SUMMARY, ETC. | |
| Summary, etc. | Considers what are more properly described as "indoor climate control systems", rather than full "air-conditioning systems". The simplest type is a heating system which operates in conjunction with natural ventilation. If properly designed, and if internal heat gains are not unusually high, this option can be perfectly capable of providing effective ventilation and good temperature control for most of the year in the UK climate. |
| 590 ## - LOCAL NOTE (RLIN) | |
| Local note | KA |
| 651 #4 - SUBJECT ADDED ENTRY--GEOGRAPHIC NAME | |
| Geographic name | United Kingdom |
| Chronological subdivision | |
| 690 ## - LOCAL SUBJECT ADDED ENTRY--TOPICAL TERM (OCLC, RLIN) | |
| Topical term or geographic name as entry element | BUILT ENVIRONMENT-BUILDING ELEMENTS-COMPLETE BUILDING SERVICES ELEMENTS-COMPLETE HEATING, VENTILATION AND AIR CONDITIONING SYSTEMS |
| 856 41 - ELECTRONIC LOCATION AND ACCESS | |
| Uniform Resource Identifier | <a href="https://www.rics.org/site/scripts/download_info.aspx?downloadID=5880">https://www.rics.org/site/scripts/download_info.aspx?downloadID=5880</a> |
| Public note | View this item (member-only access) at www.rics.org |
| 942 ## - ADDED ENTRY ELEMENTS (KOHA) | |
| Suppress in OPAC | 0 |
| Withdrawn status | Lost status | Source of classification or shelving scheme | Damaged status | Not for loan | Home library | Current library | Shelving location | Date acquired | Total Checkouts | Full call number | Barcode | Date last seen | Copy number | Price effective from | Koha item type |
|---|---|---|---|---|---|---|---|---|---|---|---|---|---|---|---|
| Dewey Decimal Classification | Virtual | Virtual | Online | 19/02/2010 | ONLINE PUBLICATION | 149325-2001 | 06/08/2019 | 1 | 06/08/2019 | Journal article |